000 00442nmm a2200157Ia 4500
008 251105s9999||||xx |||||||||||||||||und||
020 _a9789560101822
041 _aspa
100 _aBescós, Roberto
245 0 _aLa ciudad que no es
264 _a[Santiago de Chile, Chile] :
_bRil editores,
_c2015
300 _a78 páginas
650 _aLatin American poetry
856 _uhttps://public.digitaliapublishing.com/a/37335
942 _cCF
999 _c93688
_d93688